Score 0/20 Timer 06:00
0 Plays Today
Assists Player Name % Correct
82 Ryan Giggs
99%
68Steven Gerrard
97.9%
68Frank Lampard
96.6%
67Thierry Henry
96%
34Didier Drogba
94.5%
54Cesc Fabregas
93.7%
39Cristiano Ronaldo
93.3%
34Dimitar Berbatov
93.1%
51Wayne Rooney
90.6%
35Robbie Keane
90.6%
Assists Player Name % Correct
43Dennis Bergkamp
88.6%
40Nicolas Anelka
86.9%
35Mikel Arteta
85.2%
43Gareth Barry
80.1%
37Robert Pires
79.8%
42Nolberto Solano
75.5%
43Danny Murphy
69.7%
35Jimmy Floyd Hasselbaink
69.2%
46Steed Malbranque
61.4%
36Laurent Robert
48.5%
Remove Ads.
Support Sporcle.
Get the best of Sporcle when you Go Orange. This ad-free experience offers more features, more stats, and more fun while also helping to support Sporcle. Thank you for becoming a member.

You're not logged in!

Compare scores with friends on all Sporcle quizzes.
OR
Log In

Show Comments

Extras

Top Quizzes Today


Score Distribution

Your Account Isn't Verified!

In order to create a playlist on Sporcle, you need to verify the email address you used during registration. Go to your Sporcle Settings to finish the process.

Report this User

Report this user for behavior that violates our Community Guidelines.

Details: